000 00969nam a2200217Ia 4500
003 SEM
999 _c44312
_d44312
005 20220608071033.0
008 141116s9999 xx 000 0 arm d
040 _aSEM
_cSEM
041 _aarm.
080 _a726.5(47.925)/Հ-42
100 1 0 _aՀարությունյան Վ.
245 1 0 _aԶվարթնոց: /
_cՎ. Հարությունյան; Հայկական ՍՍՌ. Մինիստրների սովետին կից ճարտարապետական գործերի վարչություն; Խմբ.` Մ. Հայրիյան
246 _aЗвартноц. /
260 _aԵրևան:
_bՀայպետհրատ.,
_c1954.
300 _a27+[22] էջ;
_bնկ.;
_c19 սմ
650 _aՀայ եկեղեցի
_xճարտարապետություն
700 _aԵղիազարյան Հ.
_4edt.
_eխմբ.
710 _aՀայկական ՍՍՌ. Մինիստրների սովետին կից ճարտարապետական գործերի վարչություն
942 _2udc
_cBK